000 00915nam a2200217Ia 4500
005 20250108125134.0
008 008 250107s9999 xx 000 0 hin d
037 _aREF
040 _aCRL
_bhin
_cCRL
041 _ahin
_2hin
084 _ak1 Q4.1-.5 (RR)
084 _qCRL
100 _aमुरादाबादी, कुलदीप, ले.
_9156389
245 0 _aद फ्रेंच स्कूल: कुदरत के उसूलों पर इंसानी फ़तेह की दास्तॉं
_cमुरादाबादी, कुलदीप, ले.
260 _aनई दिल्ली, भारत
_bब्लू रोज़ वन
_c3442
300 _a173पृ0
365 _aINR
_b1600
650 _aहिन्दी कहानीहिन्दी साहित्य
_9729733
942 _cREF
_hk1 Q4.1-.5 (RR)
999 _c1235830
_d1235830